[Event "PMPJ 2022 - D15"]
[Site "Jastrzebia Gora"]
[Date "2022.11.06"]
[Round "1.7"]
[White "Danek, Wiktoria"]
[Black "Michalska, Anna-maria"]
[Result "0-1"]
[BlackElo "1288"]
[WhiteElo "1132"]
[LiveChessVersion "1.4.8"]

1. e4 c6 {[%clk 1:30:55]} 2. d4 {[%clk 1:31:13]} d5 {[%clk 1:31:20]} 3. exd5
{[%clk 1:31:10]} cxd5 {[%clk 1:31:43]} 4. Bd3 {[%clk 1:31:15]} Nc6
{[%clk 1:31:37]} 5. c3 {[%clk 1:31:21]} Nf6 {[%clk 1:30:37]} 6. h3
{[%clk 1:29:41]} e6 7. Bf4 {[%clk 1:26:06]} Be7 {[%clk 1:18:35]} 8. Nf3
{[%clk 1:23:03]} Bd6 9. Bxd6 {[%clk 1:20:26]} Qxd6 {[%clk 1:14:18]} 10. Qc2
{[%clk 1:18:04]} Bd7 {[%clk 1:13:42]} 11. O-O {[%clk 1:15:46]} Rc8
{[%clk 1:13:21]} 12. Qe2 {[%clk 1:08:44]} O-O {[%clk 1:07:44]} 13. Ne5
{[%clk 1:02:24]} a6 {[%clk 1:01:33]} 14. Nd2 {[%clk 0:52:31]} b5 {[%clk 0:57:38]}
15. Ndf3 {[%clk 0:52:31]} Na5 {[%clk 0:49:22]} 16. Rac1 {[%clk 0:28:53]} Qb6
{[%clk 0:43:45]} 17. Bb1 {[%clk 0:28:53]} Nc4 {[%clk 0:42:52]} 18. b3
{[%clk 0:26:10]} Nxe5 {[%clk 0:42:52]} 19. Nxe5 {[%clk 0:25:52]} Rc7
{[%clk 0:37:38]} 20. Qd3 Rfc8 {[%clk 0:35:11]} 21. Rfe1 {[%clk 0:19:15]} Be8
{[%clk 0:26:48]} 22. Re3 {[%clk 0:17:37]} Qd6 {[%clk 0:23:27]} 23. Kf1
{[%clk 0:10:00]} Ne4 {[%clk 0:20:16]} 24. Rf3 Rxc3 {[%clk 0:20:31]} 25. Rxc3
{[%clk 0:06:41]} Rxc3 {[%clk 0:20:12]} 26. Qd1 {[%clk 0:06:35]} Rxf3
{[%clk 0:20:09]} 27. Nxf3 Nc3 {[%clk 0:20:09]} 28. Qd3 {[%clk 0:06:38]} Nxb1
{[%clk 0:20:15]} 29. Qxb1 {[%clk 0:07:05]} Qc7 {[%clk 0:18:10]} 30. Qb2 b4
{[%clk 0:18:27]} 31. Qe2 {[%clk 0:02:49]} Bb5 {[%clk 0:18:27]} 0-1

[Event "PMPJ 2022 - D15"]
[Site "Jastrzebia Gora"]
[Date "2022.11.06"]
[Round "1.8"]
[White "Lach, Alicja"]
[Black "Krzysztynska, Maria"]
[Result "0-1"]
[BlackElo "1128"]
[WhiteElo "1281"]
[LiveChessVersion "1.4.8"]

1. e4 {[%clk 1:30:58]} e5 {[%clk 1:30:23]} 2. Nf3 {[%clk 1:31:25]} Nc6
{[%clk 1:30:09]} 3. d4 {[%clk 1:31:50]} exd4 {[%clk 1:28:36]} 4. Nxd4
{[%clk 1:32:16]} Bc5 {[%clk 1:27:11]} 5. Be3 {[%clk 1:32:40]} Bb6
{[%clk 1:26:38]} 6. g3 {[%clk 1:29:17]} d5 {[%clk 1:19:05]} 7. Bb5
{[%clk 1:21:44]} Nge7 {[%clk 1:12:20]} 8. c3 {[%clk 0:59:28]} O-O
{[%clk 0:58:47]} 9. Bd3 {[%clk 0:52:56]} Ne5 {[%clk 0:50:25]} 10. Bf4
{[%clk 0:42:21]} N7g6 {[%clk 0:42:12]} 11. Bxe5 {[%clk 0:39:06]} Nxe5
{[%clk 0:41:35]} 12. O-O {[%clk 0:36:45]} Bg4 {[%clk 0:37:37]} 13. Be2
{[%clk 0:32:04]} Bh3 {[%clk 0:32:24]} 14. Re1 {[%clk 0:30:55]} dxe4
{[%clk 0:30:03]} 15. Bh5 {[%clk 0:22:52]} Qd5 {[%clk 0:18:48]} 16. Nc2
{[%clk 0:15:41]} Qc5 {[%clk 0:05:59]} 17. Ne3 {[%clk 0:13:19]} Rad8
{[%clk 0:04:27]} 18. Qe2 {[%clk 0:11:00]} g6 {[%clk 0:04:28]} 19. b4
{[%clk 0:11:00]} Qe7 {[%clk 0:03:08]} 20. Bg4 {[%clk 0:10:38]} Bxe3
{[%clk 0:02:25]} 21. Qxe3 {[%clk 0:10:20]} Nxg4 {[%clk 0:02:16]} 22. Qc1
{[%clk 0:08:15]} Qf6 {[%clk 0:02:13]} 23. Re2 {[%clk 0:07:27]} Qf3
{[%clk 0:02:28]} 0-1

[Event "PMPJ 2022 - D15"]
[Site "Jastrzebia Gora"]
[Date "2022.11.06"]
[Round "1.9"]
[White "Domeradzka, Karolina"]
[Black "Zgoda, Aleksandra"]
[Result "0-1"]
[BlackElo "1277"]
[WhiteElo "1123"]
[LiveChessVersion "1.4.8"]

1. e4 {[%clk 1:30:57]} c6 {[%clk 1:30:50]} 2. d4 {[%clk 1:31:03]} d5
{[%clk 1:31:07]} 3. e5 {[%clk 1:30:04]} Bf5 {[%clk 1:29:54]} 4. Nf3
{[%clk 1:24:48]} e6 {[%clk 1:28:57]} 5. Be2 {[%clk 1:15:28]} c5 {[%clk 1:17:47]}
6. c3 {[%clk 1:08:18]} Nc6 {[%clk 1:15:30]} 7. Be3 {[%clk 0:45:36]} cxd4
{[%clk 0:59:02]} 8. cxd4 {[%clk 0:45:09]} Qb6 {[%clk 0:49:40]} 9. Qc1
{[%clk 0:41:00]} Nb4 {[%clk 0:43:13]} 10. Na3 {[%clk 0:37:32]} Nd3+
{[%clk 0:38:03]} 11. Bxd3 {[%clk 0:37:18]} Bxd3 {[%clk 0:37:19]} 12. Bd2
{[%clk 0:31:54]} Ne7 {[%clk 0:21:18]} 13. Bc3 {[%clk 0:28:07]} Nc6
{[%clk 0:15:08]} 14. Nc2 {[%clk 0:27:59]} Be7 {[%clk 0:14:12]} 15. Ne3
{[%clk 0:15:32]} O-O {[%clk 0:12:37]} 16. Qd2 {[%clk 0:14:47]} Ba6
{[%clk 0:11:10]} 17. Ng1 {[%clk 0:10:01]} Nb4 {[%clk 0:10:34]} 18. Nh3
{[%clk 0:04:33]} Nd3+ {[%clk 0:09:58]} 19. Kd1 {[%clk 0:04:36]} Nb4
{[%clk 0:09:44]} 20. a3 {[%clk 0:03:29]} Nc6 {[%clk 0:08:39]} 21. Ke1
{[%clk 0:02:06]} f6 {[%clk 0:03:09]} 22. exf6 {[%clk 0:01:49]} Bxf6
{[%clk 0:03:31]} 23. Rd1 {[%clk 0:01:41]} Qb5 {[%clk 0:02:03]} 24. f3
{[%clk 0:01:51]} Nxd4 {[%clk 0:01:26]} 25. Ng4 {[%clk 0:01:09]} Nb3
{[%clk 0:01:01]} 26. Nxf6+ {[%clk 0:01:33]} gxf6 {[%clk 0:01:29]} 27. Qf2
{[%clk 0:00:58]} Qd7 {[%clk 0:00:46]} 28. Nf4 {[%clk 0:01:15]} Rae8
{[%clk 0:00:36]} 29. Nh5 {[%clk 0:01:44]} e5 {[%clk 0:00:49]} 30. Bb4
{[%clk 0:02:09]} Rf7 {[%clk 0:01:04]} 31. Qe3 {[%clk 0:01:40]} Qb5
{[%clk 0:00:48]} 32. Ng3 {[%clk 0:01:24]} Nd4 {[%clk 0:00:53]} 33. Rd2
{[%clk 0:01:28]} Rc7 {[%clk 0:01:02]} 34. Kf2 {[%clk 0:01:54]} Nc2
{[%clk 0:00:56]} 35. Qh6 {[%clk 0:01:02]} Qb6+ {[%clk 0:01:04]} 0-1

[Event "PMPJ 2022 - D15"]
[Site "Jastrzebia Gora"]
[Date "2022.11.07"]
[Round "2.1"]
[White "Michalska, Anna-maria"]
[Black "Nowak, Zuzanna"]
[Result "0-1"]
[BlackElo "1354"]
[WhiteElo "1288"]
[LiveChessVersion "1.4.8"]

1. d4 {[%clk 1:30:58]} d5 {[%clk 1:30:54]} 2. c4 {[%clk 1:31:22]} e6
{[%clk 1:31:21]} 3. Nc3 {[%clk 1:31:44]} Nf6 {[%clk 1:31:09]} 4. cxd5
{[%clk 1:32:05]} exd5 {[%clk 1:31:30]} 5. Bg5 {[%clk 1:32:29]} Nbd7
{[%clk 1:31:42]} 6. Nxd5 {[%clk 1:32:17]} Nxd5 {[%clk 1:31:58]} 7. Bxd8
{[%clk 1:32:27]} Bb4+ {[%clk 1:32:22]} 8. Qd2 {[%clk 1:32:40]} Bxd2+
{[%clk 1:32:49]} 9. Kxd2 {[%clk 1:33:01]} Kxd8 {[%clk 1:33:16]} 10. e4
{[%clk 1:32:36]} N5b6 {[%clk 1:33:19]} 11. Bd3 {[%clk 1:32:34]} Re8
{[%clk 1:33:27]} 12. Nf3 {[%clk 1:32:32]} c5 {[%clk 1:33:27]} 13. d5
{[%clk 1:31:27]} c4 {[%clk 1:33:35]} 14. Bc2 {[%clk 1:31:42]} Nc5
{[%clk 1:33:32]} 15. Rhe1 {[%clk 1:27:08]} Bg4 {[%clk 1:28:08]} 16. Nd4
{[%clk 1:26:27]} a6 {[%clk 1:23:46]} 17. f3 {[%clk 1:25:55]} Bd7 {[%clk 1:24:14]}
18. Rab1 {[%clk 1:22:23]} Rc8 {[%clk 1:24:33]} 19. g4 {[%clk 1:21:40]} c3+
{[%clk 1:17:16]} 20. bxc3 {[%clk 1:10:31]} Nc4+ {[%clk 1:17:37]} 21. Ke2
{[%clk 1:10:32]} Na3 {[%clk 1:17:14]} 22. Rbc1 {[%clk 1:09:49]} Nxc2
{[%clk 1:14:33]} 23. Rxc2 {[%clk 1:09:19]} h5 {[%clk 1:08:56]} 24. h3
{[%clk 1:06:45]} hxg4 {[%clk 1:09:18]} 25. hxg4 {[%clk 1:07:07]} g6
{[%clk 1:02:35]} 26. Kf1 {[%clk 1:04:47]} Nd3 {[%clk 1:00:59]} 27. Re3
{[%clk 0:51:51]} Ne5 {[%clk 0:59:50]} 28. Kg2 {[%clk 0:50:04]} b5
{[%clk 0:56:13]} 29. Kg3 {[%clk 0:46:06]} Rc4 {[%clk 0:54:20]} 30. Rh2
{[%clk 0:44:03]} b4 {[%clk 0:53:47]} 31. Ne2 {[%clk 0:43:34]} Bb5
{[%clk 0:48:24]} 32. f4 {[%clk 0:41:47]} Nd7 {[%clk 0:44:45]} 33. e5
{[%clk 0:41:43]} Nb6 {[%clk 0:36:38]} 34. d6 {[%clk 0:40:34]} Nd5
{[%clk 0:34:17]} 35. Rf3 {[%clk 0:40:25]} bxc3 {[%clk 0:33:33]} 36. Nc1
{[%clk 0:37:10]} Re4 {[%clk 0:23:24]} 37. g5 {[%clk 0:31:19]} Ne3
{[%clk 0:22:09]} 38. Rff2 {[%clk 0:26:33]} Nf1+ {[%clk 0:22:10]} 39. Rxf1
{[%clk 0:25:39]} Bxf1 {[%clk 0:22:38]} 40. Rc2 {[%clk 0:25:11]} Rh8
{[%clk 0:22:33]} 41. Kg4 {[%clk 0:21:46]} Re3 {[%clk 0:21:49]} 42. f5
{[%clk 0:20:31]} Rhh3 {[%clk 0:20:38]} 43. fxg6 {[%clk 0:20:07]} fxg6
{[%clk 0:21:06]} 44. Rf2 {[%clk 0:20:00]} Re4+ {[%clk 0:20:36]} 45. Rf4
{[%clk 0:19:20]} Rxf4+ {[%clk 0:20:55]} 46. Kxf4 {[%clk 0:19:46]} c2
{[%clk 0:21:00]} 47. e6 {[%clk 0:19:39]} Bc4 {[%clk 0:21:25]} 48. e7+
{[%clk 0:19:06]} Kd7 {[%clk 0:21:53]} 49. Ke5 {[%clk 0:19:26]} Rh1
{[%clk 0:22:12]} 0-1

[Event "PMPJ 2022 - D15"]
[Site "Jastrzebia Gora"]
[Date "2022.11.07"]
[Round "2.2"]
[White "Pniewska, Beata"]
[Black "Sliwicka, Weronika"]
[Result "1-0"]
[BlackElo "1265"]
[WhiteElo "1353"]
[LiveChessVersion "1.4.8"]

1. c4 {[%clk 1:30:57]} e5 {[%clk 1:30:52]} 2. g3 {[%clk 1:31:15]} Nc6
{[%clk 1:30:49]} 3. Bg2 {[%clk 1:29:51]} Nf6 {[%clk 1:30:45]} 4. Nc3
{[%clk 1:28:55]} Be7 {[%clk 1:23:42]} 5. e3 {[%clk 1:25:37]} O-O {[%clk 1:22:16]}
6. Nge2 {[%clk 1:24:58]} d6 {[%clk 1:21:22]} 7. O-O {[%clk 1:21:45]} Rb8
{[%clk 1:19:51]} 8. d4 {[%clk 1:18:54]} exd4 {[%clk 1:20:01]} 9. exd4
{[%clk 1:17:34]} Bf5 {[%clk 1:18:56]} 10. a3 {[%clk 1:14:56]} Nd7
{[%clk 1:13:06]} 11. b3 {[%clk 1:09:45]} Bf6 {[%clk 1:12:23]} 12. Nd5
{[%clk 1:07:11]} Nb6 {[%clk 1:08:39]} 13. Nxf6+ {[%clk 1:03:45]} Qxf6
{[%clk 1:08:40]} 14. Bb2 {[%clk 1:03:32]} Rfe8 {[%clk 1:07:38]} 15. Qd2
{[%clk 1:02:35]} Qd8 {[%clk 1:04:09]} 16. Nf4 {[%clk 1:01:37]} Ne7
{[%clk 1:01:24]} 17. Rfe1 {[%clk 0:59:32]} c6 {[%clk 1:00:52]} 18. d5
{[%clk 0:55:23]} Bg6 {[%clk 0:58:30]} 19. Qc3 {[%clk 0:53:46]} f6
{[%clk 0:56:10]} 20. Ne6 {[%clk 0:53:04]} Qd7 {[%clk 0:45:55]} 21. Nxg7
{[%clk 0:51:16]} Nexd5 {[%clk 0:44:24]} 22. Nxe8 {[%clk 0:50:41]} Bxe8
{[%clk 0:35:37]} 23. cxd5 {[%clk 0:51:00]} Qf7 {[%clk 0:33:19]} 24. dxc6
{[%clk 0:51:04]} bxc6 {[%clk 0:33:21]} 25. Bxc6 {[%clk 0:51:14]} Bd7
{[%clk 0:33:06]} 26. Bxd7 {[%clk 0:51:22]} Nxd7 {[%clk 0:33:30]} 27. b4
{[%clk 0:51:14]} Ne5 {[%clk 0:33:01]} 28. Rad1 {[%clk 0:50:47]} Qb7
{[%clk 0:32:51]} 29. Qb3+ {[%clk 0:50:56]} Kg7 {[%clk 0:31:14]} 30. Bxe5
{[%clk 0:51:10]} dxe5 {[%clk 0:31:29]} 31. Qe6 {[%clk 0:51:28]} 1-0

[Event "PMPJ 2022 - D15"]
[Site "Jastrzebia Gora"]
[Date "2022.11.07"]
[Round "2.3"]
[White "Makarec, Anna"]
[Black "Butkiewicz, Hanna"]
[Result "1-0"]
[BlackElo "1117"]
[WhiteElo "1316"]
[LiveChessVersion "1.4.8"]

1. e4 {[%clk 1:30:57]} e5 {[%clk 1:30:54]} 2. Nf3 {[%clk 1:31:19]} Nf6
{[%clk 1:31:16]} 3. Nxe5 {[%clk 1:31:03]} d6 {[%clk 1:31:37]} 4. Nf3
{[%clk 1:31:20]} Nxe4 {[%clk 1:31:59]} 5. d4 {[%clk 1:31:28]} d5 {[%clk 1:32:19]}
6. Bf4 {[%clk 1:30:48]} Be7 {[%clk 1:32:15]} 7. Bd3 {[%clk 1:28:54]} O-O
{[%clk 1:32:17]} 8. O-O {[%clk 1:28:45]} Bg4 {[%clk 1:32:22]} 9. h3
{[%clk 1:28:53]} Bh5 {[%clk 1:32:34]} 10. Re1 {[%clk 1:26:22]} Bg6
{[%clk 1:32:50]} 11. Ne5 {[%clk 1:24:34]} Nf6 {[%clk 1:31:20]} 12. Nxg6
{[%clk 1:23:04]} fxg6 {[%clk 1:31:06]} 13. Be3 {[%clk 1:21:55]} Nc6
{[%clk 1:29:24]} 14. c3 {[%clk 1:17:56]} Nh5 {[%clk 1:25:58]} 15. Nd2
{[%clk 1:11:43]} Nf4 {[%clk 1:22:16]} 16. Bf1 {[%clk 1:11:10]} Qd7
{[%clk 1:17:52]} 17. Bb5 {[%clk 1:04:05]} Bd6 {[%clk 1:16:23]} 18. c4
{[%clk 1:00:24]} a6 {[%clk 1:12:15]} 19. Bxc6 {[%clk 0:59:06]} bxc6
{[%clk 1:10:39]} 20. c5 {[%clk 0:58:41]} Be7 {[%clk 1:10:12]} 21. Nf3
{[%clk 0:58:54]} Ne6 {[%clk 1:05:29]} 22. Ne5 {[%clk 0:58:20]} Qe8
{[%clk 1:04:57]} 23. Qa4 {[%clk 0:58:16]} Nd8 {[%clk 0:59:14]} 24. Bd2
{[%clk 0:57:14]} Bf6 {[%clk 0:56:22]} 25. Qa5 {[%clk 0:52:20]} Bxe5
{[%clk 0:55:50]} 26. Rxe5 {[%clk 0:52:38]} Qf7 {[%clk 0:55:52]} 27. f3
{[%clk 0:52:51]} Ne6 {[%clk 0:54:59]} 28. Bc3 {[%clk 0:48:39]} Rfe8
{[%clk 0:49:34]} 29. Rae1 {[%clk 0:48:51]} Qd7 {[%clk 0:42:48]} 30. b3
{[%clk 0:47:28]} Kf7 {[%clk 0:40:37]} 31. g3 {[%clk 0:41:53]} Qc8
{[%clk 0:29:53]} 32. f4 {[%clk 0:39:04]} Qd7 {[%clk 0:28:57]} 33. Bb2
{[%clk 0:36:37]} Qc8 {[%clk 0:24:03]} 34. Kf2 {[%clk 0:34:05]} Qd7
{[%clk 0:23:21]} 35. Kf3 {[%clk 0:32:46]} Kg8 {[%clk 0:22:28]} 36. R1e2
{[%clk 0:31:05]} Re7 {[%clk 0:19:47]} 37. Qe1 {[%clk 0:27:11]} Kf7
{[%clk 0:19:14]} 38. g4 {[%clk 0:27:13]} Rae8 {[%clk 0:18:52]} 39. Qh4
{[%clk 0:23:53]} Kg8 {[%clk 0:18:25]} 40. f5 {[%clk 0:23:16]} gxf5
{[%clk 0:18:17]} 41. gxf5 {[%clk 0:23:35]} Rf8 {[%clk 0:15:39]} 42. Kg3
{[%clk 0:19:47]} Nxd4 {[%clk 0:15:23]} 43. Qxd4 {[%clk 0:19:15]} Rxe5
{[%clk 0:14:53]} 44. Qxe5 {[%clk 0:18:16]} Kh8 {[%clk 0:14:19]} 45. Kh2
{[%clk 0:18:23]} Rg8 {[%clk 0:13:59]} 46. f6 {[%clk 0:18:35]} h6 {[%clk 0:13:30]}
47. fxg7+ {[%clk 0:18:29]} Kh7 {[%clk 0:13:50]} 48. Qf6 {[%clk 0:18:19]} d4
{[%clk 0:13:36]} 49. Bxd4 {[%clk 0:17:57]} 1-0

[Event "PMPJ 2022 - D15"]
[Site "Jastrzebia Gora"]
[Date "2022.11.07"]
[Round "2.4"]
[White "Zgoda, Aleksandra"]
[Black "Bauer, Maja"]
[Result "1-0"]
[BlackElo "1300"]
[WhiteElo "1277"]
[LiveChessVersion "1.4.8"]

1. d4 {[%clk 1:30:56]} d5 {[%clk 1:30:53]} 2. Bf4 {[%clk 1:31:17]} e6
{[%clk 1:31:05]} 3. e3 {[%clk 1:31:35]} Nf6 {[%clk 1:31:10]} 4. Nf3
{[%clk 1:31:32]} Be7 {[%clk 1:31:04]} 5. Nbd2 {[%clk 1:31:10]} O-O
{[%clk 1:30:24]} 6. Bd3 {[%clk 1:30:27]} b6 {[%clk 1:29:34]} 7. Ne5
{[%clk 1:27:27]} c5 {[%clk 1:25:13]} 8. c3 {[%clk 1:23:44]} Bb7 {[%clk 1:18:34]}
9. h4 {[%clk 1:16:22]} Nbd7 {[%clk 1:03:12]} 10. Rh3 {[%clk 0:47:31]} Ne4
{[%clk 0:40:38]} 11. f3 {[%clk 0:33:57]} Nd6 {[%clk 0:27:26]} 12. Qe2
{[%clk 0:27:25]} f5 {[%clk 0:22:40]} 13. O-O-O {[%clk 0:23:55]} a5
{[%clk 0:16:19]} 14. g4 {[%clk 0:19:28]} cxd4 {[%clk 0:15:04]} 15. cxd4
{[%clk 0:14:42]} Rc8+ {[%clk 0:10:35]} 16. Kb1 {[%clk 0:14:35]} Nxe5
{[%clk 0:07:01]} 17. dxe5 {[%clk 0:13:02]} Ne8 {[%clk 0:06:33]} 18. gxf5
{[%clk 0:12:13]} exf5 {[%clk 0:06:51]} 19. Rg1 {[%clk 0:11:34]} Kh8
{[%clk 0:04:08]} 20. Bg5 {[%clk 0:09:48]} Rc6 {[%clk 0:02:12]} 21. Bxe7
{[%clk 0:07:26]} Qxe7 {[%clk 0:02:33]} 22. f4 {[%clk 0:06:31]} Rh6
{[%clk 0:01:52]} 23. Rg5 {[%clk 0:06:18]} Bc8 {[%clk 0:01:56]} 24. Nf3
{[%clk 0:06:38]} Be6 {[%clk 0:00:42]} 25. Nd4 {[%clk 0:06:54]} Qd7
{[%clk 0:00:53]} 26. Bb5 {[%clk 0:06:01]} Qc8 {[%clk 0:01:03]} 27. Qg2
{[%clk 0:04:39]} Rf7 {[%clk 0:01:02]} 28. Rh1 {[%clk 0:03:28]} Bd7
{[%clk 0:00:33]} 29. Qxd5 {[%clk 0:02:52]} Re7 {[%clk 0:00:35]} 30. Rc1
{[%clk 0:02:59]} Nc7 {[%clk 0:00:35]} 31. Bxd7 {[%clk 0:01:41]} Rxd7
{[%clk 0:00:34]} 32. Qg2 {[%clk 0:01:55]} Qf8 {[%clk 0:00:38]} 33. Rxf5
{[%clk 0:02:07]} Qe8 34. Qf2 {[%clk 0:01:14]} Qg6 {[%clk 0:00:40]} 35. Rg1
{[%clk 0:01:12]} Qe8 {[%clk 0:00:44]} 36. Rfg5 {[%clk 0:00:55]} Ne6
{[%clk 0:00:52]} 37. Nxe6 {[%clk 0:00:43]} Rxe6 {[%clk 0:01:10]} 38. Qg2
{[%clk 0:00:59]} Qd8 {[%clk 0:00:57]} 39. Qg4 {[%clk 0:00:57]} Ree7
{[%clk 0:00:53]} 40. e6 {[%clk 0:00:46]} Rc7 {[%clk 0:00:38]} 41. Rd1
{[%clk 0:00:50]} Qa8 {[%clk 0:00:36]} 42. Re5 {[%clk 0:01:02]} Qc8
{[%clk 0:00:34]} 43. Red5 {[%clk 0:00:53]} Re8 {[%clk 0:00:51]} 44. Rd7
{[%clk 0:00:57]} g6 {[%clk 0:00:36]} 45. f5 {[%clk 0:00:52]} Rg8 {[%clk 0:00:38]}
46. fxg6 {[%clk 0:01:03]} hxg6 {[%clk 0:00:33]} 47. Qd4+ {[%clk 0:01:25]} Rg7
{[%clk 0:00:32]} 48. Qxg7# 1-0

[Event "PMPJ 2022 - D15"]
[Site "Jastrzebia Gora"]
[Date "2022.11.07"]
[Round "2.5"]
[White "Krzysztynska, Maria"]
[Black "Kaczmarek, Paulina"]
[Result "1-0"]
[BlackElo "1331"]
[WhiteElo "1128"]
[LiveChessVersion "1.4.8"]

1. e4 {[%clk 1:30:51]} c5 {[%clk 1:29:20]} 2. Nc3 {[%clk 1:29:58]} Nc6
{[%clk 1:29:25]} 3. f4 {[%clk 1:28:30]} d6 {[%clk 1:29:43]} 4. Bb5
{[%clk 1:26:50]} Bd7 {[%clk 1:30:06]} 5. Bxc6 {[%clk 1:24:14]} Bxc6
{[%clk 1:30:28]} 6. d3 {[%clk 1:22:43]} e6 {[%clk 1:30:26]} 7. Nf3
{[%clk 1:21:46]} Be7 {[%clk 1:30:40]} 8. O-O {[%clk 1:19:56]} f5 {[%clk 1:28:58]}
9. Qe2 {[%clk 1:12:47]} Qd7 {[%clk 1:22:22]} 10. d4 {[%clk 1:06:02]} cxd4
{[%clk 1:16:53]} 11. Nxd4 {[%clk 0:59:54]} Bf6 {[%clk 1:05:00]} 12. Nxc6
{[%clk 0:54:46]} Qxc6 {[%clk 0:56:36]} 13. exf5 {[%clk 0:53:32]} Qc5+
{[%clk 0:53:05]} 14. Be3 {[%clk 0:49:31]} Qxf5 {[%clk 0:50:38]} 15. Nb5
{[%clk 0:46:48]} Kd7 {[%clk 0:45:00]} 16. Rad1 {[%clk 0:43:02]} Be7
{[%clk 0:42:54]} 17. c4 {[%clk 0:40:21]} b6 {[%clk 0:38:47]} 18. Qd2
{[%clk 0:37:00]} Qf8 {[%clk 0:35:39]} 19. Nxd6 {[%clk 0:30:12]} Bxd6
{[%clk 0:32:01]} 20. c5 {[%clk 0:30:18]} Nf6 {[%clk 0:30:17]} 21. Qxd6+
{[%clk 0:27:37]} Qxd6 {[%clk 0:29:58]} 22. Rxd6+ {[%clk 0:28:01]} Ke7
{[%clk 0:29:56]} 23. Rfd1 {[%clk 0:26:08]} bxc5 {[%clk 0:23:57]} 24. Bxc5
{[%clk 0:25:06]} a5 {[%clk 0:23:07]} 25. Rd7+ {[%clk 0:24:49]} Ke8
{[%clk 0:23:04]} 26. Re7+ {[%clk 0:24:58]} 1-0

[Event "PMPJ 2022 - D15"]
[Site "Jastrzebia Gora"]
[Date "2022.11.07"]
[Round "2.6"]
[White "Para, Aleksandra"]
[Black "Lach, Alicja"]
[Result "1/2-1/2"]
[BlackElo "1281"]
[WhiteElo "1204"]
[LiveChessVersion "1.4.8"]

1. d4 {[%clk 1:30:57]} d5 {[%clk 1:30:55]} 2. Bf4 {[%clk 1:31:13]} Bf5
{[%clk 1:29:41]} 3. e3 {[%clk 1:31:32]} e6 {[%clk 1:29:46]} 4. Nf3
{[%clk 1:31:42]} Nf6 {[%clk 1:29:49]} 5. Nbd2 {[%clk 1:31:54]} c6
{[%clk 1:29:32]} 6. Be2 {[%clk 1:31:52]} Bd6 {[%clk 1:29:14]} 7. Bg3
{[%clk 1:31:52]} O-O {[%clk 1:28:46]} 8. c3 {[%clk 1:30:44]} Bg6 {[%clk 1:27:24]}
9. Ne5 {[%clk 1:28:28]} Bxe5 {[%clk 1:22:59]} 10. Bxe5 {[%clk 1:25:49]} Nbd7
{[%clk 1:21:54]} 11. Bg3 {[%clk 1:21:59]} Re8 {[%clk 1:20:30]} 12. Nf3
{[%clk 1:21:47]} Ne4 {[%clk 1:16:03]} 13. Nh4 {[%clk 1:07:50]} Nxg3
{[%clk 1:14:19]} 14. hxg3 {[%clk 1:03:33]} Be4 {[%clk 1:04:11]} 15. Nf3
{[%clk 0:56:27]} e5 {[%clk 1:01:00]} 16. Bd3 {[%clk 0:53:30]} exd4
{[%clk 0:55:46]} 17. cxd4 {[%clk 0:52:36]} Nf8 {[%clk 0:53:56]} 18. Bxe4
{[%clk 0:39:13]} dxe4 {[%clk 0:51:34]} 19. Nd2 {[%clk 0:35:12]} Re6
{[%clk 0:48:40]} 20. Qg4 {[%clk 0:31:22]} Qb6 {[%clk 0:47:00]} 21. b3
{[%clk 0:24:08]} Rd8 {[%clk 0:45:44]} 22. Rc1 {[%clk 0:20:56]} Qb4
{[%clk 0:40:49]} 23. Qe2 {[%clk 0:18:42]} Rdd6 {[%clk 0:34:04]} 24. Qc4
{[%clk 0:17:44]} Qa3 {[%clk 0:32:20]} 25. Qc2 {[%clk 0:18:00]} Rh6
{[%clk 0:30:31]} 26. Rh3 {[%clk 0:13:53]} Rhe6 {[%clk 0:25:32]} 27. Nc4
{[%clk 0:12:43]} Qb4+ {[%clk 0:23:43]} 28. Qd2 {[%clk 0:11:39]} Qxd2+
{[%clk 0:23:51]} 29. Nxd2 {[%clk 0:12:08]} Ng6 {[%clk 0:23:13]} 30. Ke2
{[%clk 0:11:47]} Ne7 {[%clk 0:21:15]} 31. a3 {[%clk 0:11:25]} Nd5
{[%clk 0:20:17]} 32. b4 {[%clk 0:10:59]} Nf6 {[%clk 0:20:15]} 33. Nb3
{[%clk 0:10:35]} b6 {[%clk 0:18:06]} 34. Rhh1 {[%clk 0:10:16]} h6
{[%clk 0:13:41]} 35. Nd2 {[%clk 0:10:08]} Ne8 {[%clk 0:12:39]} 36. Nc4
{[%clk 0:09:41]} Rd5 {[%clk 0:11:14]} 37. Nd2 {[%clk 0:08:04]} f5
{[%clk 0:09:55]} 38. Rc2 {[%clk 0:07:10]} Nf6 {[%clk 0:08:58]} 39. Rhc1
{[%clk 0:07:02]} Rdd6 {[%clk 0:08:33]} 40. Nc4 {[%clk 0:06:46]} Rd8
{[%clk 0:07:29]} 41. Ne5 {[%clk 0:06:29]} c5 {[%clk 0:07:11]} 42. bxc5
{[%clk 0:06:55]} bxc5 {[%clk 0:07:32]} 43. Rxc5 {[%clk 0:07:14]} Ra6
{[%clk 0:06:09]} 44. Ra1 {[%clk 0:06:11]} Rb8 {[%clk 0:06:13]} 45. Rc2
{[%clk 0:05:24]} Rb3 {[%clk 0:05:47]} 46. a4 {[%clk 0:05:38]} Rb4
{[%clk 0:05:59]} 47. a5 {[%clk 0:04:46]} Rb5 {[%clk 0:06:11]} 48. Nc6
{[%clk 0:02:48]} 1/2-1/2

[Event "PMPJ 2022 - D15"]
[Site "Jastrzebia Gora"]
[Date "2022.11.07"]
[Round "2.7"]
[White "Gajec, Roza"]
[Black "Dura, Anna"]
[Result "1/2-1/2"]
[BlackElo "1190"]
[WhiteElo "1357"]
[LiveChessVersion "1.4.8"]

1. e4 {[%clk 1:30:59]} e6 {[%clk 1:30:56]} 2. d4 {[%clk 1:31:24]} d5
{[%clk 1:31:22]} 3. Nd2 {[%clk 1:31:45]} c5 {[%clk 1:29:57]} 4. exd5
{[%clk 1:31:21]} Qxd5 {[%clk 1:30:11]} 5. Ngf3 {[%clk 1:30:08]} Nf6
{[%clk 1:27:58]} 6. Bc4 {[%clk 1:28:50]} Qd8 {[%clk 1:27:23]} 7. O-O
{[%clk 1:28:13]} Nc6 {[%clk 1:25:33]} 8. Nb3 cxd4 9. Nbxd4 Bd7 10. c3 Be7 11. Qe2
Qc8 12. Bb3 O-O 13. Bc2 Bc5 14. Rd1 Qc7 15. Nb5 Qb6 16. h3 Ne7 17. Nbd4 Ng6 18.
Ne5 Nxe5 19. Qxe5 Rad8 20. Qe2 Bxd4 21. cxd4 Bb5 22. Qe3 Rd7 23. Qb3 Qc6 24. Be3
Qd5 25. Qa3 Bc6 26. f3 a6 27. Bf2 Qg5 28. Be3 Qg3 29. Bf2 Qg5 30. Be3 Qg3 31. Bf2
Qg5 1/2-1/2